<?xml version="1.0" encoding="UTF-8"?>
<record
    xmlns:xsi="http://www.w3.org/2001/XMLSchema-instance"
    xsi:schemaLocation="http://www.loc.gov/MARC21/slim http://www.loc.gov/standards/marcxml/schema/MARC21slim.xsd"
    xmlns="http://www.loc.gov/MARC21/slim">

  <leader>02925cam a22004454i 4500</leader>
  <controlfield tag="003">PE-LiUPU</controlfield>
  <controlfield tag="005">20250731165440.0</controlfield>
  <controlfield tag="008">160614s2012    pe a   grm    000 0 spa d</controlfield>
  <datafield tag="035" ind1=" " ind2=" ">
    <subfield code="a">(Sirsi) a157251</subfield>
  </datafield>
  <datafield tag="040" ind1=" " ind2=" ">
    <subfield code="a">PE-LiUPU</subfield>
    <subfield code="b">spa</subfield>
    <subfield code="c">PE-LiUPU</subfield>
    <subfield code="e">rda</subfield>
  </datafield>
  <datafield tag="099" ind1=" " ind2=" ">
    <subfield code="a">TE 2</subfield>
    <subfield code="b">M26 2012</subfield>
  </datafield>
  <datafield tag="100" ind1="1" ind2=" ">
    <subfield code="a">Marin Rojas, Rosa,</subfield>
    <subfield code="e">autor</subfield>
  </datafield>
  <datafield tag="245" ind1="1" ind2=" ">
    <subfield code="a">Influencia de la comprensi&#xF3;n de lectura del nivel inferencial en la capacidad de resoluci&#xF3;n de problemas aritm&#xE9;ticos de los estudiantes del 4&#xB0; grado del nivel primario de la I.E &#xB0;Fe y alegr&#xED;a&#xB0; N&#xB0; 41, la Era-&#xD1;a&#xF1;a, UGEL N&#xB0; 6 de Vitarte, Lima /</subfield>
    <subfield code="c">Rosa Marin Rojas.</subfield>
  </datafield>
  <datafield tag="264" ind1=" " ind2="0">
    <subfield code="c">2012.</subfield>
  </datafield>
  <datafield tag="300" ind1=" " ind2=" ">
    <subfield code="a">156 hojas : </subfield>
    <subfield code="b">ilustraciones;</subfield>
    <subfield code="c">30 cm</subfield>
  </datafield>
  <datafield tag="336" ind1=" " ind2=" ">
    <subfield code="a">text</subfield>
    <subfield code="2">rdacontent</subfield>
  </datafield>
  <datafield tag="337" ind1=" " ind2=" ">
    <subfield code="a">unmediated</subfield>
    <subfield code="2">rdamedia</subfield>
  </datafield>
  <datafield tag="338" ind1=" " ind2=" ">
    <subfield code="a">volume</subfield>
    <subfield code="2">rdacarrier</subfield>
  </datafield>
  <datafield tag="502" ind1=" " ind2=" ">
    <subfield code="a">Tesis</subfield>
    <subfield code="b">(Lic.) -- </subfield>
    <subfield code="c">Universidad Peruana Uni&#xF3;n,</subfield>
    <subfield code="d">2012.</subfield>
  </datafield>
  <datafield tag="504" ind1=" " ind2=" ">
    <subfield code="a">Incluye referencias</subfield>
  </datafield>
  <datafield tag="520" ind1="3" ind2=" ">
    <subfield code="a">El prop&#xF3;sito de esta investigaci&#xF3;n es determinar la influencia de la comprensi&#xF3;n de lectura del nivel inferencial en la capacidad de resoluci&#xF3;n de problemas aritm&#xE9;ticos de los estudiantes del 4&#xB0; grado del nivel primario de la I.E. "Fe y alegr&#xED;a" N&#xB0; 41, la Era-&#xD1;a&#xF1;a, UGEL N&#xB0; 6 de Vitarde, Lima. El tipo de investigaci&#xF3;n es b&#xE1;sica y de enfoque cuantitativo, el dise&#xF1;o es no experimental, transversal, descriptivo-explicativo (causa-efecto). La determinaci&#xF3;n de la muestra se realiz&#xF3; a trav&#xE9;s de la f&#xF3;rmula para muestras finitas; estando constituida por 19 estudiantes del 4&#xB0; grado de las secciones A;B y C haciendo un total de 57 estudiantes. Para el desarrollo de la investigaci&#xF3;n se elaboraron dos instrumentos que fueron validados por juicio de expertos. Para el an&#xE1;lisis de los datos se utiliz&#xF3; estad&#xED;stico Chi2 de Pearson. Se realiz&#xF3; con un 97% de confianza y un 3% de error. Los resultados estad&#xED;sticos evidenciaron que existe influencia entre la comprensi&#xF3;n de lectura del nivel inferencial y la capacidad de resoluci&#xF3;n de problemas aritm&#xE9;ticos, con un valor de sig. = 0,010 &gt; 0,03. Por lo tanto, se rechaza la hip&#xF3;tesis nula a favor de la hip&#xF3;tesis alterna con un 97% de confianza y un 1% de arror. Llegando a la conclusi&#xF3;n que, seg&#xFA;n sea el nivel de desarrollo de la comprensi&#xF3;n de lectura del nivel inferencial, esta repercutir&#xE1; positiva o negativamente en la capacidad resolutiva de problemas aritm&#xE9;ticos.</subfield>
  </datafield>
  <datafield tag="526" ind1=" " ind2=" ">
    <subfield code="a">SEG44</subfield>
  </datafield>
  <datafield tag="526" ind1=" " ind2=" ">
    <subfield code="a">SEG26</subfield>
  </datafield>
  <datafield tag="526" ind1=" " ind2=" ">
    <subfield code="a">P151</subfield>
  </datafield>
  <datafield tag="526" ind1=" " ind2=" ">
    <subfield code="a">P150</subfield>
  </datafield>
  <datafield tag="526" ind1=" " ind2=" ">
    <subfield code="a">P149</subfield>
  </datafield>
  <datafield tag="526" ind1=" " ind2=" ">
    <subfield code="a">P146</subfield>
  </datafield>
  <datafield tag="526" ind1=" " ind2=" ">
    <subfield code="a">P145</subfield>
  </datafield>
  <datafield tag="526" ind1=" " ind2=" ">
    <subfield code="a">P126</subfield>
  </datafield>
  <datafield tag="526" ind1=" " ind2=" ">
    <subfield code="a">P125</subfield>
  </datafield>
  <datafield tag="526" ind1=" " ind2=" ">
    <subfield code="a">P92</subfield>
  </datafield>
  <datafield tag="526" ind1=" " ind2=" ">
    <subfield code="a">P75</subfield>
  </datafield>
  <datafield tag="526" ind1=" " ind2=" ">
    <subfield code="a">P74</subfield>
  </datafield>
  <datafield tag="526" ind1=" " ind2=" ">
    <subfield code="a">P27</subfield>
  </datafield>
  <datafield tag="526" ind1=" " ind2=" ">
    <subfield code="a">P15</subfield>
  </datafield>
  <datafield tag="650" ind1="0" ind2="4">
    <subfield code="a">Comprensi&#xF3;n lectura</subfield>
    <subfield code="x">Aritm&#xE9;tica</subfield>
    <subfield code="x">Problemas</subfield>
    <subfield code="x">Ejercicios.</subfield>
  </datafield>
  <datafield tag="596" ind1=" " ind2=" ">
    <subfield code="a">1</subfield>
  </datafield>
  <datafield tag="942" ind1=" " ind2=" ">
    <subfield code="2">ddc</subfield>
    <subfield code="c">TESIS</subfield>
  </datafield>
  <datafield tag="999" ind1=" " ind2=" ">
    <subfield code="a">TE 2 M26 2012</subfield>
    <subfield code="w">ALPHANUM</subfield>
    <subfield code="c">9925</subfield>
    <subfield code="i">T01297</subfield>
    <subfield code="l">CCODEBUL3</subfield>
    <subfield code="m">BUL</subfield>
    <subfield code="r">1</subfield>
    <subfield code="s">Y</subfield>
    <subfield code="t">TESIS</subfield>
    <subfield code="u">2016-6-14</subfield>
    <subfield code="x">EDUCACION</subfield>
    <subfield code="P">P20</subfield>
    <subfield code="o">.STAFF. Tesis</subfield>
    <subfield code="d">9925</subfield>
  </datafield>
  <datafield tag="980" ind1=" " ind2=" ">
    <subfield code="8">1</subfield>
    <subfield code="g">ALBERTO SANCHEZ Responsable de Automatizaci&#xF3;n</subfield>
  </datafield>
  <datafield tag="952" ind1=" " ind2=" ">
    <subfield code="r">2022-07-06 00:00:00</subfield>
    <subfield code="l">0</subfield>
    <subfield code="o">TE 2 M26 2012</subfield>
    <subfield code="p">T01297</subfield>
    <subfield code="t">e1</subfield>
    <subfield code="w">2016-06-14</subfield>
    <subfield code="x">FACIHED</subfield>
    <subfield code="y">TESIS</subfield>
    <subfield code="z">Este &#xCD;tem NO se presta por ser Ejemplar #1.</subfield>
    <subfield code="1">0</subfield>
    <subfield code="2">ddc</subfield>
    <subfield code="7">1</subfield>
    <subfield code="8">TESIS</subfield>
    <subfield code="f">P20</subfield>
    <subfield code="a">BUL</subfield>
    <subfield code="b">BUL</subfield>
    <subfield code="c">TESIS</subfield>
    <subfield code="d">2016-06-14</subfield>
  </datafield>
</record>
